Central Auckland Suburbs with a Map - Statistics

General Stats
  • This quiz has been taken 1,143 times
    3 since last reset
  • The average score is 13 of 57
Answers on the Map
Answers color-coded by a green-red scale on the quiz's map according to % correct below.
 
Answer Stats
Suburb % Correct
Auckland Central
100%
Mount Eden
100%
Ponsonby
100%
Ellerslie
50%
Glendowie
50%
Glen Innes
50%
Grey Lynn
50%
Hillsborough
50%
Kohimarama
50%
Mission Bay
50%
Mount Albert
50%
Mount Wellington
50%
Onehunga
50%
Ōrākei
50%
Panmure
50%
Parnell
50%
Point Chevalier
50%
Point England
50%
Remuera
50%
Saint Heliers
50%
Saint Johns
50%
Saint Lukes
50%
Tāmaki
50%
Arch Hill
0%
Avondale
0%
Balmoral
0%
Blockhouse Bay
0%
Epsom
0%
Freemans Bay
0%
Grafton
0%
Greenlane
0%
Herne Bay
0%
Kingsland
0%
Lynfield
0%
Meadowbank
0%
Morningside
0%
Mount Roskill
0%
Newmarket
0%
Newton
0%
New Windsor
0%
One Tree Hill
0%
Ōranga
0%
Ōwairaka
0%
Penrose
0%
Rosebank
0%
Royal Oak
0%
Saint Marys Bay
0%
Sandringham
0%
Stonefields
0%
Te Papapa
0%
Three Kings
0%
Waikōwhai
0%
Wai o Taiki Bay
0%
Waterview
0%
Wesley
0%
Western Springs
0%
Westmere
0%
No matching quizzes found
Score Distribution
Percent of People with Each Score
Percentile by Number Answered
Your Score History
You have not taken this quiz since the last reset